Kings Island Roller Coasters by Picture - Statistics

General Stats
  • This quiz has been taken 161 times
  • The average score is 10 of 14
Answer Stats
Picture Answer % Correct
Banshee
90%
The Beast
88%
Orion
83%
Diamondback
78%
The Racer
75%
Flight of Fear
74%
The Bat
74%
Invertigo
68%
Backlot Stunt Coaster
67%
Mystic Timbers
67%
Woodstock Express
60%
The Great Pumpkin Coaster
51%
Adventure Express
49%
Flying Ace Aerial Chase
45%
No matching quizzes found
Score Distribution
Percent of People with Each Score
Percentile by Number Answered
Your Score History
You have not taken this quiz